书目信息 |
| 题名: |
中学作文指导与批改
|
|
| 作者: | 沈辉 著 | |
| 分册: | ||
| 出版信息: | 上海 上海人民出版社 1978 |
|
| 页数: | 132页 | |
| 开本: | 19cm | |
| 丛书名: | ||
| 单 册: | ||
| 中图分类: | H193.6 | |
| 科图分类: | ||
| 主题词: | 汉语--写作--语言教学 | |
| 电子资源: | ||
| ISBN: | ||
| 000 | 00581nam0 2200217 45 | |
| 001 | 0178004788 | |
| 005 | 20060718175604.92 | |
| 010 | @dCNY0.27 | |
| 091 | @a7150.1933 | |
| 100 | @a19950717d1978 demy0chiy0121 ea | |
| 101 | 0 | @achi |
| 102 | @aCN@b310000 | |
| 105 | @ay z 000yy | |
| 200 | 10 | @a中学作文指导与批改@Azhong xue zuo wen zhi dao yu pi gai@f沈辉著@FShen Hui Zhu |
| 210 | @a上海@c上海人民出版社@d1978 | |
| 215 | @a132页@d19cm | |
| 606 | 0 | @a汉语@x写作@x语言教学 |
| 690 | @aH193.6@v3 | |
| 701 | 0 | @a沈辉@4著 |
| 801 | 0 | @aCN@bNLC@c20060718 |
| 905 | @dH193.6@e1@f1@b2430 | |
| 中学作文指导与批改/沈辉著.-上海:上海人民出版社,1978 |
| 132页;19cm |
| ISBN :CNY0.27 |
| ● |
| 相关链接 |
|
|
|
|
正题名:中学作文指导与批改
索取号:H193.6/1
 
预约/预借
| 序号 | 登录号 | 条形码 | 馆藏地/架位号 | 状态 | 备注 |
| 1 | 0002430 | 000847267 | 第四借阅区/ [索取号:H193.6/1] | 在馆 | |
| 2 | 0002431 | 001827884 | 密集书库/ [索取号:H193.6/1] | 在馆 | |
| 3 | 0002432 | 001827919 | 密集书库/ [索取号:H193.6/1] | 在馆 | |
| 4 | 0002433 | 000847472 | 第四借阅区/ [索取号:H193.6/1] | 在馆 | |
| 5 | 0002435 | 001768420 | 密集书库/ [索取号:H193.6/1] | 在馆 | |
| 6 | 0002436 | 000847436 | 第二样本阅览室/ [索取号:H193.6/1] | 在馆 | |
| 7 | 0002437 | 000847221 | 密集书库/ [索取号:H193.6/1] | 在馆 | |
| 8 | 0424382 | 204243826 | 密集书库/ [索取号:H193.6/1] | 在馆 |